Možnosti znižovania nákladov v konkrétnom podniku diplomová práca

Na minha lista:
Detalhes bibliográficos
Autor principal: Bezeg, Ľubomír
Autor Corporativo: Podnikovohospodárska fakulta EU so sídlom v Košiciach. Katedra účtovníctva a financií
Outros Autores: Lajoš, Branislav
Formato: Livro
Idioma:eslovaco
Publicado em: Košice 2013
Tags: Adicionar Tag
Sem tags, seja o primeiro a adicionar uma tag!

MARC

LEADER 00000nbm a2200000 4500
001 0179385
005 20170314104433.0
041 0 |a slo 
044 |a SK 
245 1 0 |a Možnosti znižovania nákladov v konkrétnom podniku  |b diplomová práca  |c Ľubomír Bezeg ; školiteľ: Branislav Lajoš 
264 1 |a Košice  |c 2013 
300 |a 73 s. 
100 1 |a Bezeg, Ľubomír 
700 1 |a Lajoš, Branislav 
710 2 |a Podnikovohospodárska fakulta EU so sídlom v Košiciach. Katedra účtovníctva a financií